000 00863nam a2200217Ia 4500
003 GCL
008 140319s9999 xx 000 0 ara d
020 _a0055981977
040 _aGCL /
_cGCL
082 0 4 _a307.14
_bب ت
245 1 0 _aتقرير التنمية البشرية للعام 2006 :
_bماهو أبعد من الندرة : القوة والفقر والأزمة العالمية
260 _aالاردن :
_bبرنامج الامم المتحدة الانمائى ،
_c2006
300 _a422 ص ؛
_c28 سم
650 0 4 _aالتعاون الدولى
650 0 4 _aمشكلة المياه
650 0 4 _aالتنمية البشرية
650 0 4 _aالمشاركة السياسية
650 0 4 _aالصحة العامة - التعاون الدولى
650 0 4 _aالصرف الصحى - المشاكل الاجتماعية
942 _2ddc
_cBK
999 _c9412
_d9412